Statistiques concernant Effectif FC Barcelone 2023/2024

Cliquez ici pour prendre le quiz!

Statistiques générales

  • Ce quiz a été pris 879 fois
    (150 depuis la dernière actualisation)
  • Le résultat moyen est 21 sur 27

Statistiques - réponses

PosteNuméroPaysJoueur% Correct
G1AllemagneMarc-André ter Stegen
99%
ATT9PologneRobert Lewandowski
97%
DEF4UruguayRonald Araújo
97%
COACH-EspagneXavi
97%
MIL21Pays-BasFrenkie de Jong
95%
MIL8EspagnePedri
95%
DEF23FranceJules Koundé
93%
DEF2PortugalJoão Cancelo
92%
DEF15DanemarkAndreas Christensen
91%
MIL6EspagneGavi
91%
MIL22AllemagneIlkay Gündoğan
89%
ATT14PortugalJoão Félix
89%
ATT27EspagneLamine Yamal
89%
ATT11BrésilRaphinha
89%
ATT7EspagneFerran Torres
88%
DEF3EspagneAlejandro Balde
82%
ATT19BrésilVitor Roque
74%
DEF20EspagneSergi Roberto
71%
DEF33EspagnePau Cubarsí
68%
G13EspagneIñaki Peña
67%
MIL32EspagneFermín López
66%
DEF5EspagneIñigo Martínez
63%
DEF17EspagneMarcos Alonso
61%
MIL18EspagneOriol Romeu
58%
DEF39EspagneHéctor Fort
49%
ATT38EspagneMarc Guiu
47%
G26EspagneAnder Astralaga
22%

Distribution des résultats

Percentile par nombre de réponses

% des personnes avec chaque résultat

Votre développement - résultats

Vous n’avez pas pris ce quiz depuis la dernière actualisation